| Tag |
First Indicator |
Second Indicator |
Subfields |
| LEADER |
00000cgm a2200000Mi 4500 |
| 001 |
in00005542413 |
| 006 |
m o c |
| 007 |
cr |n||||||||a |
| 007 |
vz |za|z| |
| 008 |
180829s2002 nyu025 e o vueng d |
| 005 |
20241201230000.6 |
| 035 |
|
|
|a (OCoLC)on1052765617
|
| 040 |
|
|
|a ALSTP
|b eng
|e rda
|e pn
|c ALSTP
|d OCLCO
|d OCLCF
|d OCLCQ
|d OCLCO
|d IBE
|d CAUOI
|d OCLCO
|d UPM
|d OCLCO
|d NUI
|
| 019 |
|
|
|a 1373445395
|a 1430858750
|a 1444016037
|
| 035 |
|
|
|a (OCoLC)1052765617
|z (OCoLC)1373445395
|z (OCoLC)1430858750
|z (OCoLC)1444016037
|
| 049 |
|
|
|a TXAM
|
| 245 |
0 |
0 |
|a Videofashion news.
|n Volume 27, Episode 9,
|p Nouveau boho /
|c [produced by Videofashion].
|
| 264 |
|
1 |
|a New York, NY :
|b Videofashion,
|c 2002.
|
| 300 |
|
|
|a 1 online resource (25 min.)
|
| 306 |
|
|
|a 002407
|
| 336 |
|
|
|a two-dimensional moving image
|b tdi
|2 rdacontent
|
| 337 |
|
|
|a computer
|b c
|2 rdamedia
|
| 337 |
|
|
|a video
|b v
|2 rdamedia
|
| 338 |
|
|
|a online resource
|b cr
|2 rdacarrier
|
| 347 |
|
|
|a video file
|2 rda
|
| 490 |
0 |
|
|a Academic Video Online
|
| 500 |
|
|
|a Title from resource description page (viewed August 29, 2018).
|
| 520 |
|
|
|a An eclectic mix took over many a fall runway. In this issue we highlight the best of this polished hippie. In Milan, the Marni collection drew on a poetic mix of fabrics and textures, and Dolce & Gabbana gave new meaning to county living. Anna Sui stayed close to her roots with a rock inspired collection and the Blaak team took a nomadic path in London. And in Paris meet new model Anna Beatriz and go front row at John Galliano and Emanuel Ungaro.
|
| 546 |
|
|
|a In English.
|
| 650 |
|
0 |
|a Fashion.
|
| 650 |
|
0 |
|a Fashion shows.
|
| 650 |
|
0 |
|a Fashion design.
|
| 650 |
|
0 |
|a Fashion designers.
|
| 650 |
|
6 |
|a Présentations de collections (Mode)
|
| 650 |
|
6 |
|a Couturiers (Créateurs de mode)
|
| 650 |
|
7 |
|a Fashion.
|2 fast
|0 (OCoLC)fst00921600
|
| 650 |
|
7 |
|a Fashion design.
|2 fast
|0 (OCoLC)fst01200123
|
| 650 |
|
7 |
|a Fashion designers.
|2 fast
|0 (OCoLC)fst00921628
|
| 650 |
|
7 |
|a Fashion shows.
|2 fast
|0 (OCoLC)fst00921658
|
| 655 |
|
7 |
|a Documentary television programs.
|2 fast
|0 (OCoLC)fst01710387
|
| 655 |
|
7 |
|a Documentary television programs.
|2 lcgft
|
| 655 |
|
7 |
|a Documentaires télévisés.
|2 rvmgf
|
| 700 |
1 |
|
|a Adami, Anne V.,
|e director.
|
| 700 |
1 |
|
|a Uss, Elizabeth,
|e producer.
|
| 700 |
1 |
|
|a Cardin, Marlene McGinnis,
|e producer.
|
| 700 |
1 |
|
|a Woods, Mercedes Ildefonso,
|e narrator.
|
| 710 |
2 |
|
|a Videofashion Network,
|e production company.
|
| 856 |
4 |
0 |
|u http://proxy.library.tamu.edu/login?url=https://www.aspresolver.com/aspresolver.asp?MARC;3236183
|z Connect to this streaming video (Alexander Street Press)
|t 0
|
| 955 |
|
|
|a Alexander Street Press subscription streaming video
|
| 994 |
|
|
|a 92
|b TXA
|
| 999 |
f |
f |
|s 259c64e6-904d-4010-bb9e-8ea8acbab177
|i 13d14e3a-477b-4e3d-91cb-5ac6849f77d4
|t 0
|
| 952 |
f |
f |
|a Texas A&M University
|b College Station
|c Electronic Resources
|d Available Online
|t 0
|h Library of Congress classification
|
| 998 |
f |
f |
|t 0
|l Available Online
|